• 首页
  • 本馆介绍
  • 公告通知
  • 最新文献
  • 馆藏检索
  • 电子资源
  • 读者导购
  • 参考咨询
  • 我的图书馆
  • 登录
  • 详细信息显示
  • 放入我的书架
  • 预约/预借图书
  • 作者相关作品
  • 分类相关作品
  • 丛书相关作品
  • 出版社相关作品

书目信息

  • 表格格式
  • 工作单格式
  • 卡片格式
题名:
图论与工程应用
    
 
作者: 美D.E.约翰逊、j.r.约翰逊 著
分册:  
出版信息: 北京   人民邮电出版社  
页数: 472页
开本: 20cm
丛书名:
单 册:
中图分类: TN911.1
科图分类:
主题词: 通信理论
电子资源:
ISBN:
000 00609nam0 2200193 450
001 0654347571
005 20060911150818.70
010    @dCNY1.55
100    @a20060911d km y0chiy0120 ea
101 0  @achi
102    @aCN@b110000
200 1  @a图论与工程应用@Atu lun yu gong cheng ying yong@f[美]D.E.约翰逊、j.r.约翰逊 著@F[mei]D.E.yue han xun、j.r.yue han xun zhu
210    @a北京@c人民邮电出版社
215    @a472页@d20cm
606 0  @a通信理论
690    @aTN911.1@v3
701  0 @a美D.E.约翰逊、j.r.约翰逊@Amei D.E.yue han xun、j.r.yue han xun@4著
801  0 @aCN@bPFT@c20060911
905    @a10447@dTN911.1@e77
    
    图论与工程应用/[美]D.E.约翰逊、j.r.约翰逊 著.-北京:人民邮电出版社
    472页;20cm
    
    
    ISBN :CNY1.55
    
●
相关链接 在E读中查询图书 在五车中查询图书 在当当中查询图书 在豆瓣中查询图书


正题名:图论与工程应用     索取号:TN911.1/77         预约/预借

序号 登录号 条形码 馆藏地/架位号 状态 备注
1 0470508   204705088   密集书库/ [索取号:TN911.1/77] 在馆    
2 0470539   204705391   密集书库/ [索取号:TN911.1/77] 在馆    
唐山师范学院图书馆 欢迎您!
大连网信软件有限公司© 版权所有